000 00593cam a22002053a 4500
001 44076
003 PGUSA
005 20140828084014.0
008 131030s2013||||xxu|||||s|||||000 | eng d
040 _aPGUSA
_beng
042 _adc
100 1 _aSieveking, Isabel Giberne
245 1 0 _aAutumn Impressions of the Gironde
_h[electronic resource] /
_cIsabel Giberne Sieveking
260 _bProject Gutenberg,
_c2013
506 _aPublic domain in the USA.
516 _aElectronic text
830 0 _aProject Gutenberg
_v44076
856 4 0 _uhttp://www.gutenberg.org/ebooks/44076
942 _cEB
999 _c273327
_d273327